000 00339nam a2200145Ia 4500
100 _aRaphel/ F.C./ Niedle/ M.
650 _aElectrical Engineering
942 _cBK
654 _aElectric
245 _aElectric wiring of buildings
260 _bPitman Publishing
_aLondon
_c1974
082 _a621.3
300 _a182
546 _aENGLISH
999 _c29260
_d29260